| 000 | 00683nam a22001937a 4500 | ||
|---|---|---|---|
| 005 | 20100819123917.0 | ||
| 010 | _aENG-100993 | ||
| 020 |
_a9788123202020 _c120.00 |
||
| 035 | _aEN-84526 | ||
| 037 | _bDBAD/PUB | ||
| 082 | _a270 | ||
| 100 |
_aV Abdur Rahim _915159 |
||
| 245 |
_aSelections from the gorious Quran with lexical and grammatical notes / _cby V Abdur Rahim |
||
| 260 |
_aChennai _bIslamic Foundation Trust _c2008 |
||
| 270 |
_a138 Perambur High Road _bChennai _e600012 |
||
| 300 |
_ax,134p _c24cm(pbk) _e1 CD ROM |
||
| 942 |
_2ddc _cEN _h270 _mVAB |
||
| 999 |
_c42538 _d42538 |
||